Elements of democracy (Record no. 29478)

MARC details
000 -LEADER
fixed length control field 00525nam a2200181Ia 4500
020 ## - INTERNATIONAL STANDARD BOOK NUMBER
ISBN 9783119168
050 ## - CALL MARK
Classification number JQ 3096 .E44/
100 ## - STATEMENT OF RESPONSIBILITY--MAIN AUTHOR NAME
Personal name Edited by Olusegun Obasanjo & Akin Mabogunje
245 #0 - TITLE STATEMENT
Title Elements of democracy
260 ## - PUBLICATION, DISTRIBUTION, ETC. (IMPRINT)
Place of publication Abeokuta
260 ## - PUBLICATION, DISTRIBUTION, ETC. (IMPRINT)
Name of publisher ALF Publications
260 ## - PUBLICATION, DISTRIBUTION, ETC. (IMPRINT)
Year of publication 1992
300 ## - PHYSICAL DESCRIPTION
Number of Pages 212 p
650 ## - SUBJECT ADDED ENTRY--TOPICAL TERM
Topical Term Political rights--Nigeria. Political participation--Nigeria. Democracy--Nigeria.
942 ## - ADDED ENTRY ELEMENTS (KOHA)
Koha item type Books
Holdings
Withdrawn status Lost status Source of classification or shelving scheme Damaged status Not for loan Permanent Location Current Location Date acquired Accession Number Price effective from Koha item type
    Library of Congress Classification     NILE UNIVERSITY OF NIGERIA - MAIN LIBRARY NILE UNIVERSITY OF NIGERIA - MAIN LIBRARY 04/23/2025 0186672 04/23/2025 Books